00854nam a2200193Ia 4500008004100000020001400041040001800055041000800073245016000081260006100241300002300302504005300325650003100378650004100409700002900450700003000479700003900509856011200548130821s2002 enk gr eng  a521573300 aCo-BoUCMbspa00aeng00aInternational relations in political thought texts from the ancient greeks to the first world warceditado por Chris Brown, Terry Nardin, Nicholas Rengger aCambridge (Inglaterra)bCambridge University Pressc2002 axii, 617 páginas aIncluye referencias bibliográficas e índice.04aRelaciones internacionales04aRelaciones internacionalesxHistoria1 aBrown, Chrisd1945-eed.1 aNardin, Terryd1942-eed.1 aRengger, N. J.eed.q(Nicholas J.)41zConsulte las tablas de contenido haciendo clic aquíuhttp://www.loc.gov/catdir/toc/cam021/2001037928.html